Guess the Location #72 (Set 5) - Statistics

General Stats
  • This quiz has been taken 16 times
  • The average score is 12 of 15
Answer Stats
Land Borders Maritime Boundaries Sovereign
State?
First Letter Location % Correct
Indonesia Australia [and land border location] Y ? East Timor
93%
Belize, El Salvador, Honduras, Mexico [included in land border locations] Y ? Guatemala
87%
Austria, France, San Marino, Slovenia, Switzerland, Vatican City Albania, Algeria, Croatia, Greece, Libya, Malta, Montenegro, Spain, Tunisia [and some land border locations] Y ? Italy
87%
Iraq, Saudi Arabia Iran [and land border locations] Y ? Kuwait
87%
Israel, Syria Cyprus [and land border locations] Y ? Lebanon
87%
[none] Comoros, Madagascar, Mauritius, Tanzania Y ? Seychelles
87%
Central African Republic, D. R. Congo, Ethiopia, Kenya, Sudan, Uganda [none] Y ? South Sudan
87%
Afghanistan, Azerbaijan (adjoining seabed), Iran, Kazakhstan, Uzbekistan [none] Y ? Turkmenistan
87%
Djibouti, Eritrea, Kenya, Somalia, South Sudan, Sudan [none] Y ? Ethiopia
80%
[none] Australia, Fiji, Norfolk Island, Tonga Y ? New Zealand
80%
Angola, Burundi, Central African Republic, R. Congo, Rwanda, South Sudan, Tanzania, Uganda, Zambia [included in land border locations] Y ? D. R. Congo
73%
Canada Iceland, Jan Mayen, Svalbard [and land border location] N ? Greenland
73%
[none] Glorioso Islands, Madagascar, Mayotte, Mozambique, Réunion, Seychelles, Tanzania Y ? Comoros
67%
Guinea, Ivory Coast, Sierra Leone [included in land border locations] Y ? Liberia
67%
China Hong Kong [and land border location] N ? Macau
67%
No matching quizzes found
Score Distribution
Percent of People with Each Score
Percentile by Number Answered
Your Score History
You have not taken this quiz